000 00381nam a2200157Ia 4500
100 _aKrishnamurthy/A.G
650 _aBiography
942 _cBK
366 _f20
654 _adhirubhai
245 _aDhirubhaism:Remarkable work philosopy of Dhirubhai Ambani
260 _bTata Mc Graw hill Ltd.
_c2007
082 _a808.83
_bKRI
300 _a96
546 _aENGLISH
_cComputers
999 _c31056
_d31056